00675naa a2200229 a 450000100080000000500110000800800410001910000140006024501320007426000090020665300090021565300160022465300180024065300190025870000160027770000180029370000170031170000170032870000160034570000180036177300660037911206762014-04-24 2000 bl uuuu u00u1 u #d1 aBIASI, J. aProdutividade de sele????es de alhos tardios catarinenses, livres de v??rus ou vernalizados, em Ca??ador, SC, safras 1999/2000. c2000 aAlho aAlho tardio aProdutividade aSanta Catarina1 aMUELLER, S.1 aVIEIRA, R. L.1 aMONDARDO, M.1 aLEITE, D. L.1 aDANIELS, J.1 aFORTES, G. R. tHorticultura Brasileira,gv. 18, p. 716-717, supl. jul. 2000.